UM Logo

Resonating power decoupling using multifunctional bidirectional DC/DC converter in hybrid railway traction application / (Record no. 18853)

MARC details
000 -LEADER
fixed length control field 01169nam a22002777a 4500
003 - CONTROL NUMBER IDENTIFIER
control field OSt
005 - DATE AND TIME OF LATEST TRANSACTION
control field 20251016200229.0
008 - FIXED-LENGTH DATA ELEMENTS--GENERAL INFORMATION
fixed length control field 240201b ||||| |||| 00| 0 eng d
040 ## - CATALOGING SOURCE
Transcribing agency 0
082 ## - DEWEY DECIMAL CLASSIFICATION NUMBER
Classification number DPer 621.317 Ie21 January 2022 v. 37 n. 1
100 ## - MAIN ENTRY--PERSONAL NAME
Personal name Shen, Lailai.
Relator term author.
9 (RLIN) 51096
245 ## - TITLE STATEMENT
Title Resonating power decoupling using multifunctional bidirectional DC/DC converter in hybrid railway traction application /
Statement of responsibility, etc. Lailai Shen, Jie Chen, Zheming Jin, Zhigang Liu, Dao Zhou, and Chao Wu.
260 ## - PUBLICATION, DISTRIBUTION, ETC. (IMPRINT)
Place of publication, distribution, etc. New York ;
Name of publisher, distributor, etc. The Institute of Electrical and Electronics Engineers, Inc. ,
Date of publication, distribution, etc. January 2022.
300 ## - PHYSICAL DESCRIPTION
Extent Volume 37, pages 404-415 :
Other physical details illustration ;
Dimensions 28 cm.
500 ## - GENERAL NOTE
General note IEEE Transactions on Power Electronics, v. 37 n. 1, pages 404-415, January 2022.
650 #0 - SUBJECT ADDED ENTRY--TOPICAL TERM
Topical term or geographic name as entry element Capacitors.
9 (RLIN) 65717
650 #0 - SUBJECT ADDED ENTRY--TOPICAL TERM
Topical term or geographic name as entry element Electric batteries.
9 (RLIN) 57249
650 #0 - SUBJECT ADDED ENTRY--TOPICAL TERM
Topical term or geographic name as entry element Resonant frequency.
9 (RLIN) 65802
700 ## - ADDED ENTRY--PERSONAL NAME
Personal name Shen, Lailai.
Relator term author.
9 (RLIN) 51096
700 ## - ADDED ENTRY--PERSONAL NAME
Personal name Chen,Jie.
Relator term author.
9 (RLIN) 51097
700 ## - ADDED ENTRY--PERSONAL NAME
Personal name Jin, Zheming.
Relator term author.
9 (RLIN) 51098
700 ## - ADDED ENTRY--PERSONAL NAME
Personal name Liu, Zhigang.
Relator term author.
9 (RLIN) 51099
700 ## - ADDED ENTRY--PERSONAL NAME
Personal name Zhou, Dao.
Relator term author.
9 (RLIN) 51100
700 ## - ADDED ENTRY--PERSONAL NAME
Personal name Wu, Chao.
Relator term author.
9 (RLIN) 51101
942 ## - ADDED ENTRY ELEMENTS (KOHA)
Source of classification or shelving scheme Dewey Decimal Classification
Koha item type Periodicals
Holdings
Withdrawn status Lost status Source of classification or shelving scheme Damaged status Not for loan Collection code Home library Current library Date acquired Total Checkouts Full call number Date last seen Price effective from Koha item type Public note
    Dewey Decimal Classification     Periodicals UM Digos College - LIC UM Digos College - LIC 02/01/2024   DPer 621.317 Ie21 January 2022 v. 37 n. 1 02/01/2024 02/01/2024 Periodicals Periodical Article